Agglomérations de plus d'un million d'habitants en Europe - Statistiques

Statistiques générales
  • Ce quiz a été pris 432 fois
  • Le résultat moyen est 35 sur 48
Statistiques - réponses
Hint Réponse % Correct
2 Paris
100%
3 Londres
99%
1 Moscou
98%
25 Lyon
97%
4 Madrid
96%
26 Marseille
96%
7 Rome
95%
5 Barcelone
94%
8 Berlin
94%
10 Milan
92%
22 Budapest
90%
9 Athènes
89%
11 Lisbonne
89%
28 Munich
89%
23 Varsovie
88%
12 Kiev
87%
6 Saint-Pétersbourg
87%
44 Amsterdam
86%
16 Bruxelles
86%
17 Bucarest
86%
15 Naples
86%
29 Stockholm
85%
21 Turin
85%
24 Vienne
85%
41 Dublin
84%
13 Manchester
84%
31 Prague
82%
36 Copenhague
80%
19 Hambourg
79%
45 Lille
76%
35 Sofia
76%
33 Zurich
70%
38 Belgrade
69%
14 Birmingham
69%
30 Porto
69%
40 Helsinki
68%
34 Glasgow
67%
18 Minsk
66%
47 Cologne
60%
20 Leeds
46%
48 Odessa
28%
32 Nijni Novgorod
27%
39 Kazan
24%
42 Rostov-sur-le-Don
24%
46 Volgograd
23%
27 Kharkiv
19%
37 Samara
14%
43 Oufa
8%
Aucun quiz correspondant
Distribution des résultats
% des personnes avec chaque résultat
Percentile par nombre de réponses
Votre historique - résultats
Vous n’avez pas pris ce quiz